| 000 | 00539nam a2200193Ia 4500 | ||
|---|---|---|---|
| 005 | 20250508152754.0 | ||
| 008 | 008 250505s9999 xx 000 0 eng d | ||
| 037 | _aTextual | ||
| 040 |
_aFEDL _beng _cFEDL |
||
| 041 |
_aeng _2eng |
||
| 084 |
_aB, PAN _qFEDL |
||
| 100 | _aShyam Sunder | ||
| 245 | 0 | _aPolitical life of Pandit Govind Ballabh Pant, V 1( 1887-1945) | |
| 260 |
_aLucknow, India _bShailanil _c1960 |
||
| 300 | _a398p | ||
| 700 |
_a Savitri Shyam _9762337 |
||
| 942 |
_cTEXL _hB, PAN |
||
| 999 |
_c1338660 _d1338660 |
||